Laboratorní cvičení ze speciálních metod instrumentální analýzy : interní skriptum. I /

Hlavní autor: Houser, Josef, 1951-
Korporativní autor: Vysoké učení technické v Brně. Technologická fakulta ve Zlíně
Jazyk: Čeština
Vydáno: Brno : Vysoké učení technické v Brně, Fakulta technologická ve Zlíně, 2000
Vydání: Vyd. 1.
Edice: Učební texty vysokých škol
Témata:
Fyzický popis: 99 s. ; 29 cm
Knihy
Uloženo v:
LEADER 01472nam a2200373 a 4500
001 000541711
003 CZ BrMZK
005 20080915102619.0
007 ta
008 010907s2000 xr e p cze d
020 |a 80-214-1654-8 
040 |a BOA001  |b cze 
072 7 |a 543  |x Analytická chemie  |2 Konspekt  |9 10 
072 7 |a 37.016  |x Učební osnovy. Vyučovací předměty. Učebnice  |2 Konspekt  |9 22 
080 |a 543  |2 MRF 
080 |a 543.062  |2 MRF 
080 |a (075.8)  |2 MRF 
080 |a (076.5)  |2 MRF 
100 1 |a Houser, Josef,  |d 1951-  |7 jn20010310432 
245 1 0 |a Laboratorní cvičení ze speciálních metod instrumentální analýzy :  |b interní skriptum.  |n I /  |c Josef Houser 
250 |a Vyd. 1. 
260 |a Brno :  |b Vysoké učení technické v Brně, Fakulta technologická ve Zlíně,  |c 2000 
300 |a 99 s. ;  |c 29 cm 
490 1 |a Učební texty vysokých škol 
500 |a Určeno pro posl. fak. technol. ve Zlíně 
650 0 7 |a analytická chemie  |7 ph114036  |2 czenas 
650 0 7 |a kvantitativní analýza  |7 ph115046  |2 czenas 
655 7 |a učebnice vysokých škol  |7 fd133772  |2 czenas 
655 7 |a laboratorní cvičení  |7 fd163936  |2 czenas 
710 2 |a Vysoké učení technické v Brně.  |b Technologická fakulta ve Zlíně  |7 kn20010709431 
830 0 |a Učební texty vysokých škol 
910 |a BOA001  |b 4-1079.674,1 
990 |a BK 
996 6 |b 2610125736  |c 4-1079.674,1  |l MZK  |r Sklad / do 1 hodiny  |n 3  |p p.v.  |w 000541711  |u 000010  |a 1  |e BOA001  |j MZK50  |s P